00242nam a2200109Ia 4500008004100000041001200041082001100053100001500064245004100079260000600120650000600126221030s9999 xx 000 0 und d aEnglish a105.23 aD. Tatpuje 0aComputer Applicationscby D. Tatpuje c0 aB